LEADER 01545nam 2200421 450 001 000004025 005 20111110102035.0 100 $a20111110d1990----km-y0itay0103----ba 101 0 $aita 102 $aIT 200 1 $a<> pergamene di S. Nicola di Gallucanta$e(Secc. 9.-12.)$fPaolo Cherubini$gpresentazione di Alessandro Pratesi 210 $aAltavilla Silentina$cEdizioni studi storici meridionali$dstampa 1990 215 $aVIII, 410 p.$d24 cm. 225 1 $aFonti per la storia del Mezzogiorno medievale 607 $aGallucanta$xAbbazia di S. Nicola$zSec. 9.-12. 676 $a016.33 700 1$aCherubini,$bPaolo$082061 702 1$aPratesi,$bAlessandro 801 0$aIT$bUniversità della Basilicata - B.I.A.$gRICA$2unimarc 912 $a000004025 996 $aPergamene di S. Nicola di Gallucanta$972275 997 $aUNIBAS BAS $aMONLET BAS $aMONOGR BAS $aLETTERE CAT $aDILEO$b20$c19991216$lBAS01$h0907 CAT $aDILEO$b20$c20000306$lBAS01$h0924 CAT $c20000920$lBAS01$h1831 CAT $c20001010$lBAS01$h1634 CAT $c20050601$lBAS01$h1753 CAT $abatch$b01$c20050718$lBAS01$h1048 CAT $c20050718$lBAS01$h1107 CAT $c20050718$lBAS01$h1137 CAT $c20050718$lBAS01$h1151 CAT $aBATCH$b00$c20070503$lBAS01$h1730 CAT $aMDL$b00$c20111110$lBAS01$h1020 FMT Z30 -1$lBAS01$LBAS01$mBOOK$1BASA1$APolo Storico-Umanistico$2DSLA$BCollezione DiSSLA$3FM/D4535$9FM/D4535$64535$5D4535$819991216$f04$FPrestabile Didattica LEADER 01748nam 2200409I 450 001 9910703984803321 005 20150824155436.0 035 $a(CKB)5470000002435890 035 $a(OCoLC)919095281 035 $a(EXLCZ)995470000002435890 100 $a20150824d1998 ua 0 101 0 $aeng 135 $aurmn||||||||| 181 $ctxt$2rdacontent 182 $2rdamedia 183 $2rdacarrier 200 10$aEnvironmental characteristics of the abandoned Greenwood Mine area, Prince William Forest Park, Virginia $eimplications for mercury geochemistry /$fby Robert R. Seal, II, David P. Haffner, and Allen L. Meier 210 1$aReston, VA :$cU.S. Department of the Interior, U.S. Geological Survey,$d1998. 215 $a1 online resource (19 pages) $cillustrations 225 1 $aOpen-file report ;$v98-326 300 $aTitle from title screen (viewed Aug. 24, 2015). 320 $aIncludes bibliographical references (pages 13-14). 517 $aEnvironmental characteristics of the abandoned Greenwood Mine area, Prince William Forest Park, Virginia 606 $aGold mines and mining$xEnvironmental aspects$zVirginia$zPrince William Forest Park 606 $aMercury$xEnvironmental aspects$zVirginia$zPrince William Forest Park 615 0$aGold mines and mining$xEnvironmental aspects 615 0$aMercury$xEnvironmental aspects 700 $aSeal$b Robert R.$01414209 702 $aHaffner$b David P. 702 $aMeier$b Allen L. 712 02$aGeological Survey (U.S.), 801 0$bGPO 801 1$bGPO 906 $aBOOK 912 $a9910703984803321 996 $aEnvironmental characteristics of the abandoned Greenwood Mine area, Prince William Forest Park, Virginia$93521668 997 $aUNINA